01148cam a22003614i 4500003000900000005001700009008004100026035001800067040003300085082001700118100003000135245004800165264005000213300002800263336002100291337002500312338002300337490011700360504002800477505015200505526001000657526001000667526001000677526001000687526000800697526000800705526000800713526000800721526000800729526000800737526000800745650003300753PE-LiUPU20250731173306.0150616s r 000 0 d a(Sirsi) a3666 aPE-LiUPUbspacPE-LiUPUerda04a280bC712211 aColinon, Maurice,eautor.13aLe phénomène des sectes au XX siècle. 1aParís :bLibrairie Arthème Fayard,c1959. a122 páginas :b20 cm. atext2rdacontent aunmediated2rdamedia avolume2rdacarrier0 aJe Sais - Je Crois; Encyclopédie du Catholique au XX Siècle; Treizième partie: Frères séparés ;v139 aIncluye bibliografía.0 aLes sectes d'origine protestante -- Les sectes guérisseuses -- «Dissidences» catholiques modernes -- Les sectes en France ont-elles un avenir?. aSEG42 aSEG41 aSEG40 aSEG39 aP94 aP87 aP86 aP85 aP77 aP76 aP3504aIGLESIA - HISTORIA (SECTAS).